Population and development : a critical introduction /

This book contains: The Numbers games; Population and North-South Relations; Forging the Connection between Population and Development...

Đã lưu trong:
Sonraí Bibleagrafaíochta
Príomhúdar: Füredi, Frank.
Formáid: Leabhar
Teanga:English
Foilsithe: Cambridge : Polity Press, 1997.
Ábhair:
Clibeanna: Cuir Clib Leis
Gan Chlibeanna, Bí ar an gcéad duine leis an taifead seo a chlibeáil!
Thư viện lưu trữ: Mạng thư viện Đại học Đà Nẵng
LEADER 01056cam a2200361 i 4500
001 000047562
003 7251
005 20030312161137.0
008 010323|1997 vm 000 eng
020 |a 0745615384 
040 |a IRC  |c IRC  |d IRC 
041 0 |a eng 
082 1 4 |a 304.6  |b FU-F 
100 1 |a Füredi, Frank. 
245 0 0 |a Population and development :  |b a critical introduction /  |c Frank Füredi. 
260 |a Cambridge :  |b Polity Press,  |c 1997. 
300 |a 201 p. ;  |c 23cm. 
520 3 |a This book contains: The Numbers games; Population and North-South Relations; Forging the Connection between Population and Development... 
630 0 4 |a Population. 
630 0 4 |a Economic aspects. 
650 0 4 |a Economic development. 
650 0 4 |a Population  |x Economic aspects. 
650 0 4 |a Population policy. 
OWN |a DUT 
999 |a From the UDN01 
TYP |a Monograph 
TYP |a Printed language 
980 |a Mạng thư viện Đại học Đà Nẵng